[Event "BCF-chT3N 1920 (4NCL)"]
[Site "England"]
[Date "2019.11.10"]
[Round "2.41"]
[White "Gardiner, Eric D"]
[Black "Cooper, Gavyn"]
[Result "1/2-1/2"]
[WhiteElo "1960"]
[BlackElo "2230"]
[PlyCount "118"]
[EventDate "2019.11.09"]
[EventType "team-swiss"]
[EventRounds "11"]
[EventCountry "ENG"]
[SourceTitle "EXT 2022"]
[Source "ChessBase"]
[SourceDate "2021.10.06"]
[SourceVersion "1"]
[SourceVersionDate "2021.10.06"]
[SourceQuality "1"]
[WhiteTeam "Euwe's North Sea Tigers"]
[BlackTeam "Shropshire"]
[WhiteTeamCountry "ENG"]
[BlackTeamCountry "ENG"]

1. d4 Nf6 2. Bg5 e6 3. e4 h6 4. Bxf6 Qxf6 5. Nc3 d6 6. Qd2 Nd7 7. 0-0-0 e5 8. Nd5 Qd8 9. f4 c6 10. Nc3 Be7 11. Nf3 Qc7 12. fxe5 dxe5 13. d5 Bf6 14. Qf2 Qb6 15. Qg3 h5 16. Nh4 Nc5 17. Be2 g5 18. Qf3 Rh6 19. Nf5 g4 20. Nd6+ Kd8 21. Qg3 h4 22. Nxc8 Bg5+ 23. Kb1 hxg3 24. Nxb6 axb6 25. dxc6+ Kc7 26. cxb7 Kxb7 27. hxg3 Rxh1 28. Rxh1 Bd2 29. Bxg4 Bxc3 30. bxc3 Rg8 31. Bf3 Na4 32. Rh7 Kc6 33. a3 Kb5 34. Rxf7 Nxc3+ 35. Kb2 Na4+ 36. Kc1 Kc4 37. Be2+ Kc3 38. Rf3+ Kd4 39. Kd2 Kxe4 40. Bd3+ Kd5 41. Bf5 Nc5 42. g4 e4 43. Rf1 Ra8 44. Ra1 Ke5 45. a4 Kf4 46. Ra3 Ra5 47. g3+ Ke5 48. c4 Nxa4 49. Rb3 Kd4 50. Rb5 e3+ 51. Ke1 Nc3 52. Rxa5 bxa5 53. Bc2 Kxc4 54. g5 Kd5 55. g6 Ke6 56. g4 Kf6 57. g5+ Kg7 58. Kf1 a4 59. Bxa4 Nxa4 1/2-1/2

[Event "BCF-chT3 1314 (4NCL)"]
[Site "England"]
[Date "2014.05.05"]
[Round "11.215"]
[White "Cooper, Gavyn"]
[Black "Truman, Richard G"]
[Result "1-0"]
[WhiteElo "1937"]
[BlackElo "1956"]
[PlyCount "43"]
[EventDate "2013.11.16"]
[EventType "team-swiss"]
[EventRounds "11"]
[EventCountry "ENG"]
[SourceTitle "EXT 2015"]
[Source "ChessBase"]
[SourceDate "2014.11.20"]
[SourceVersion "1"]
[SourceVersionDate "2014.11.20"]
[SourceQuality "1"]
[WhiteTeam "Shropshire"]
[BlackTeam "e2e4.org.uk IV"]
[WhiteTeamCountry "ENG"]
[BlackTeamCountry "ENG"]

1. e4 c5 2. Nf3 e6 3. d3 Nc6 4. g3 d5 5. Nbd2 g6 6. Bg2 Bg7 7. 0-0 Nge7 8. Re1 0-0 9. c3 Qc7 10. Qe2 Rb8 11. Nb3 dxe4 12. Qxe4 e5 13. Nxc5 b6 14. Nb3 Bf5 15. Qe2 Rbd8 16. d4 Bg4 17. dxe5 Bxe5 18. Bg5 Rfe8 19. Qe4 Bf5 20. Qh4 Bg7 21. Nbd4 Nxd4 22. Nxd4 1-0